LEADER 01150nam a2200229 4500 001 000000341584 003 CaOOAMICUS 005 20200818163200.0 008 200818s1774 gw 000 u fre r 026 $aiele i-o- ise- podi (3) 1774 (R) 040 $aSeMil$bita 245 00$aTome 1. 264 1$aA Berlin :$b[s.n.],$c1774. 300 $axviii, [2], 276, [28] p. ;$c12° 500 $aSegn.: a10 A-Z8/4 2A4 2B6 2C2 700 11$aPauw, Cornelius : de,$d<1739-1799>.$0(OLS)http://semarc/name/5358 773 0 $aPauw, Cornelius : de <1739-1799>$tRecherches philosophiques sur les Americains, ou Memoires intéressants pour servir à l'histoire de l'espece humaine. Par Mr. de P**** ... Tome 1. [-3].$dA Berlin : [s.n.], 1774.$bNouvelle édition, augmentée d'une Dissertation critique par Dom Pernety, & de l'auteur des recherches contre cette dissertation$g1$w()341582 850 $aSeMil 852 $aSeMil$W1$xVenegono$y1$m3XG II 9 FA$j220805$B232593$CSeMilBibl$Z2$F232593 $8I 996 $6245$aTome 1$9(OLS)http://semarc/title/1447 996 $6264$aA Berlin :$b[s.n.]$9(OLS)http://semarc/publisher/33047 LEADER 01042nam a2200241 i 4500 001 000000125931 003 CaOOAMICUS 005 20240612153011.0 008 040430s1974 it u000 u ita u 040 $aSeMil$bita 100 1 $aLa Fayette, Marie Madeleine : Pioche de la Vergne,$d<1634-1693>.$0(OLS)http://semarc/name/52298 245 13$aLa principessa di Clèves /$cMadame de Lafayette ; Nota introduttiva e traduzione di Maria Ortiz. 264 1$aTorino :$bEinaudi,$c1974. 300 $aXVI, 170 p. ;$c20 cm. 490 1 $aCentopagine : collezione di grandi narratori ;$v29 700 1 $aOrtiz, Maria,$d<1881-1959>.$0(OLS)http://semarc/name/8691 830 0$aCentopagine ;$v29.$0(OLS)http://semarc/title/19222 850 $aSeMil 852 $aSeMil$W1$xVenegono$y1$m1W II 500$j248950$B80329$CSeMilBibl$Z2$F82600 $81 961 $aLascito: Zurleni Domenico 996 $6245$aLa principessa di Clèves$9(OLS)http://semarc/title/185507 996 $6264$aTorino :$bEinaudi$9(OLS)http://semarc/publisher/29884